[Event "Wch U14 Girls blitz"]
[Site "Batumi"]
[Date "2023.06.10"]
[Round "3"]
[White "Gaszka, Zuzanna"]
[Black "Mkrtchyan, Anahit H"]
[Result "1-0"]
[WhiteElo "1689"]
[BlackElo "1414"]
[PlyCount "83"]
[EventDate "2023.06.10"]
[EventType "swiss (blitz)"]
[EventRounds "11"]
[EventCountry "GEO"]
[SourceTitle "EXT 2024"]
[Source "ChessBase"]
[SourceDate "2023.10.10"]
[SourceVersion "1"]
[SourceVersionDate "2023.10.10"]
[SourceQuality "1"]
[WhiteTeam "Poland"]
[BlackTeam "Armenia"]
[WhiteTeamCountry "POL"]
[BlackTeamCountry "ARM"]

1. e4 e5 2. Nf3 Nc6 3. Bc4 Nf6 4. d3 Be7 5. 0-0 0-0 6. Re1 d6 7. a4 Bg4 8. Nbd2 Nd4 9. c3 Ne6 10. h3 Bh5 11. Nf1 c6 12. Bb3 Re8 13. Ng3 Qc7 14. Nxh5 Nxh5 15. Nxe5 dxe5 16. Qxh5 Bc5 17. d4 Bd6 18. Be3 g6 19. Qf3 Bf8 20. Rad1 Bg7 21. d5 cxd5 22. Bxd5 Rad8 23. h4 Qa5 24. h5 Qxa4 25. Ra1 Qb5 26. Rxa7 Rd7 27. b4 Qd3 28. c4 Qc3 29. Rb1 Qc2 30. Rc1 Qb2 31. b5 Nd4 32. Qg4 Ne2+ 33. Kh2 Nxc1 34. Qxd7 Rf8 35. Rxb7 Nd3 36. Bxf7+ Kh8 37. Qxd3 Qb4 38. h6 Bf6 39. c5 Qa5 40. Qd6 Qd8 41. Qxd8 Rxd8 42. c6 1-0

[Event "EU-ch U14 Girls 30th"]
[Site "Antalya"]
[Date "2022.11.13"]
[Round "8"]
[White "Mkrtchyan, Anahit H"]
[Black "Paralieu, Emma1111"]
[Result "0-1"]
[WhiteElo "1283"]
[BlackElo "1590"]
[PlyCount "38"]
[EventDate "2022.11.06"]
[EventType "swiss"]
[EventRounds "9"]
[EventCountry "TUR"]
[SourceTitle "EXT 2024"]
[Source "ChessBase"]
[SourceDate "2023.10.10"]
[SourceVersion "1"]
[SourceVersionDate "2023.10.10"]
[SourceQuality "1"]

1. e4 e5 2. Nf3 Nc6 3. Bb5 a6 4. Ba4 Nf6 5. 0-0 b5 6. Bb3 Bc5 7. c3 d6 8. d4 Bb6 9. dxe5 Nxe5 10. Nxe5 dxe5 11. Qxd8+ Kxd8 12. Bxf7 Rf8 13. Bd5 Nxd5 14. exd5 Bb7 15. Be3 Bxe3 16. fxe3 Rxf1+ 17. Kxf1 Bxd5 18. Nd2 Ke7 19. e4 Be6 0-1

[Event "EU-ch Online U12 Girls"]
[Site "Tornelo INT"]
[Date "2020.09.19"]
[Round "5"]
[White "Mkrtchyan, Anahit H"]
[Black "Budagova, Leyla"]
[Result "0-1"]
[WhiteElo "1263"]
[BlackElo "1437"]
[PlyCount "21"]
[EventDate "2020.09.18"]
[EventType "swiss (rapid)"]
[EventRounds "9"]
[EventCountry "NET"]
[SourceTitle "EXT 2023"]
[Source "ChessBase"]
[SourceDate "2022.10.05"]
[SourceVersion "1"]
[SourceVersionDate "2022.10.05"]
[SourceQuality "1"]
[WhiteTeam "Armenia"]
[BlackTeam "Azerbaijan"]
[WhiteTeamCountry "ARM"]
[BlackTeamCountry "AZE"]

1. e4 c5 2. Nf3 Nc6 3. Bb5 d6 4. Bxc6+ bxc6 5. c3 g6 6. d4 cxd4 7. cxd4 Bg7 8. 0-0 Bg4 9. d5 cxd5 10. exd5 Nf6 11. Bg5 0-1

[Event "EU-ch Online U12 Girls"]
[Site "Tornelo INT"]
[Date "2020.09.18"]
[Round "1"]
[White "Zhapova, Yana"]
[Black "Mkrtchyan, Anahit H"]
[Result "1-0"]
[WhiteElo "1632"]
[BlackElo "1263"]
[PlyCount "107"]
[EventDate "2020.09.18"]
[EventType "swiss (rapid)"]
[EventRounds "9"]
[EventCountry "NET"]
[SourceTitle "EXT 2023"]
[Source "ChessBase"]
[SourceDate "2022.10.05"]
[SourceVersion "1"]
[SourceVersionDate "2022.10.05"]
[SourceQuality "1"]
[WhiteTeam "Russia"]
[BlackTeam "Armenia"]
[WhiteTeamCountry "RUS"]
[BlackTeamCountry "ARM"]

1. e4 e5 2. Nf3 Nc6 3. Bc4 Nf6 4. d3 Be7 5. 0-0 0-0 6. Re1 d6 7. a4 Be6 8. Nc3 Bxc4 9. dxc4 Nd7 10. Be3 f5 11. exf5 Rxf5 12. Qd3 Rf7 13. Nd5 Nb6 14. a5 Nxd5 15. cxd5 Nb4 16. Qb3 e4 17. Nd4 c5 18. Ne6 Qd7 19. Qc4 Rc8 20. Qxe4 Bf6 21. c3 Na6 22. Bg5 Nc7 23. Rad1 Re8 24. h4 h6 25. Bf4 Rfe7 26. Qc4 Kh8 27. Re3 Nxe6 28. dxe6 Rxe6 29. Qd5 Rxe3 30. Bxe3 Qg4 31. Re1 Bxh4 32. Qxd6 Bg5 33. Qxc5 Qh4 34. Qd4 Qxd4 35. cxd4 Kg8 36. Kf1 Bf6 37. Rd1 Kf7 38. Ke2 Rd8 39. Kd3 Ke6 40. Kc4 Kd6 41. b4 a6 42. Bf4+ Kc6 43. d5+ Kd7 44. d6 Kc6 45. Rd5 Rc8 46. Rc5+ Kd7 47. Kd5 Bc3 48. Rxc8 Kxc8 49. Ke6 Bxb4 50. Be5 Bxa5 51. Bxg7 h5 52. Be5 Kd8 53. d7 Bc7 54. Bf6# 1-0

[Event "EU-ch U10 Girls"]
[Site "Bratislava"]
[Date "2019.08.10"]
[Round "9"]
[White "Piddubna, Bozhena"]
[Black "Mkrtchyan, Anahit H"]
[Result "0-1"]
[WhiteElo "1404"]
[BlackElo "1197"]
[PlyCount "70"]
[EventDate "2019.08.02"]
[EventType "swiss"]
[EventRounds "9"]
[EventCountry "SVK"]
[SourceTitle "EXT 2020"]
[Source "ChessBase"]
[SourceDate "2019.10.17"]
[SourceVersion "1"]
[SourceVersionDate "2019.10.17"]
[SourceQuality "1"]

1. c4 Nf6 2. g3 e6 3. Bg2 Be7 4. Nf3 Nc6 5. 0-0 b6 6. b3 Bb7 7. Bb2 0-0 8. a3 d6 9. Qc2 Nb8 10. Ng5 Bxg2 11. Bxf6 g6 12. Nxe6 fxe6 13. Bxe7 Qxe7 14. Kxg2 Nd7 15. Nc3 c5 16. f3 Ne5 17. Rh1 Nc6 18. Qd3 Nd4 19. Nb5 Nxb5 20. cxb5 d5 21. h4 Qf7 22. Qe3 Qf6 23. h5 gxh5 24. Rxh5 Qxa1 25. Qxe6+ Kh8 26. Qxd5 Qd4 27. Qb7 Qg7 28. Qe4 Rfe8 29. Qc4 Rad8 30. Qh4 Rxe2+ 31. Kf1 Rdxd2 32. Rxh7+ Qxh7 33. Qf6+ Kg8 34. Qg5+ Qg7 35. Qf4 Qa1# 0-1

[Event "EU-ch U08 Girls 27th"]
[Site "Mamaia"]
[Date "2017.09.06"]
[Round "2"]
[White "Mkrtchyan, Anahit H"]
[Black "Kirtadze, Anastasia"]
[Result "0-1"]
[WhiteElo "1806"]
[BlackElo "1193"]
[PlyCount "29"]
[EventDate "2017.09.05"]
[EventType "swiss"]
[EventRounds "9"]
[EventCountry "ROU"]
[SourceTitle "CBM 180 Extra"]
[Source "ChessBase"]
[SourceDate "2017.10.06"]
[SourceVersion "1"]
[SourceVersionDate "2017.10.06"]
[SourceQuality "1"]

1. e4 c5 2. Nf3 Nc6 3. Bb5 g6 4. 0-0 Bg7 5. c3 d5 6. exd5 Qxd5 7. Qe2 Nf6 8. Re1 0-0 9. Bc4 Qd6 10. d3 a6 11. Bg5 b5 12. Bb3 Rb8 13. Ne5 Nxe5 14. Qxe5 Qxe5 15. Rxe5 0-1